Doctor Who Regeneration Episodes - Sudden Death - Statistics

General Stats
  • This quiz has been taken 69 times
  • The average score is 6 of 10
Answers on the Grid
Answers color-coded by a green-red scale on the quiz's grid according to % correct below.
The Time Of The Doctor
The Day Of The Doctor
The Power Of The Doctor
The Reality War
Journey's End
Bad Wolf
The Christmas Invasion
The Parting Of The Ways
Twice Upon A Time
The Doctor Falls
The End Of Time - Part 2
Spyfall - Part 2
The Vanquishers
The Timeless Children
Logopolis
The Tenth Planet
The Three Doctors
The Two Doctors
The Five Doctors
Last Of The Time Lords
Hell Bent
The Time Warrior
The Caves Of Androzani
Planet Of The Spiders
The Invasion Of Time
 
Answer Stats
Answer % Correct
The End Of Time - Part 2
77%
The Parting Of The Ways
69%
The Time Of The Doctor
62%
The Reality War
56%
Logopolis
51%
The Power Of The Doctor
51%
Twice Upon A Time
51%
The Caves Of Androzani
49%
The Tenth Planet
46%
Planet Of The Spiders
38%
No matching quizzes found
Score Distribution
Percent of People with Each Score
Percentile by Number Answered
Your Score History
You have not taken this quiz